| 000 | 01478nam a2200301Ia 4500 | ||
|---|---|---|---|
| 999 |
_c55204 _d55204 |
||
| 001 | 22279 | ||
| 003 | GE_BSU | ||
| 005 | 20191031102905.0 | ||
| 008 | 181216s2014||||ge |||||||||||||| ||geo|| | ||
| 020 | _a978-9941-22-362-4 | ||
| 041 | _ageo | ||
| 080 | _a330.101.542(075.8) მ-67 | ||
| 245 |
_aმიკროეკონომიკა : _bსახელმძღვანელო / _cე . ხარაიშვილი ; ი. გაგნიძე ; მ. ჩავლეიშვილი ; მ. ნაცვლიშვილი ; ი. ნაცვალაძე.; რედ : ე. მექვაბიშვილი. |
||
| 250 | _aმე-3 შევსებული და გადამუშავებული გამოცემა | ||
| 264 |
_aთბილისი, _c2014. |
||
| 300 |
_a446 გვ. : _bილ., ცხრ. ; _c29 სმ. |
||
| 504 | _aბიბლიოგრ. თავების ბოლოს. | ||
| 541 | _h26 ლ. | ||
| 653 | _aმიკროეკონომიკა | ||
| 653 | _aეკონომიკა | ||
| 700 |
_aხარაიშვილი, ე _95073 |
||
| 700 |
_aგაგნიძე, ი _95074 |
||
| 700 |
_aჩავლეიშვილი, მ _94002 |
||
| 700 |
_aნაცვლიშვილი, ი _95075 |
||
| 700 |
_aნაცვალაძე, მ _95076 |
||
| 700 |
_aმექვაბიშვილი. ე _eრედაქტორი _95077 |
||
| 942 |
_cBK _2udc |
||